Pays existant en 1815 - mort subite - Statistiques

Statistiques générales
  • Ce quiz a été pris 291 fois
    284 depuis la dernière actualisation
  • Le résultat moyen est 3 sur 15
Answers on the Grid
Answers color-coded by a green-red scale on the quiz's grid according to % correct below.
France
Autriche
Pologne
Grèce
Corée du Nord
Corée
Pays Bas
Belgique
Suisse
Finlande
Ukraine
Mexique
Etats-Unis
Brésil
Hesse
Yougoslavie
Albanie
Empire Ottomans
Danemark
Holstein
Irlande
Bavière
Thuringe
Bulgarie
Biélorussie
Chypre
Saxe
Cracovie
Mecklembourg
Lituanie
 
Statistiques - réponses
Réponse % Correct
France
59%
Etats-Unis
43%
Empire Ottomans
37%
Suisse
29%
Autriche
26%
Danemark
26%
Pays Bas
24%
Saxe
20%
Bavière
18%
Corée
13%
Hesse
11%
Mecklembourg
11%
Holstein
8%
Thuringe
8%
Cracovie
5%
Aucun quiz correspondant
Distribution des résultats
% des personnes avec chaque résultat
Percentile par nombre de réponses
Votre historique - résultats
Vous n’avez pas pris ce quiz depuis la dernière actualisation